| 000 | 00890nam a2200229Ii 4500 | ||
|---|---|---|---|
| 003 | JO-AjNU | ||
| 008 | 230605s9999||||xx |||||||||||||| ||und|| | ||
| 017 | _a2019/8/4200 | ||
| 020 | _a978-9957-67-326-0 | ||
| 040 |
_aJO-AjNU _bara _erda _cJO-AjNU |
||
| 041 | _aara | ||
| 050 | 1 | 4 | _aBF637.B85 B3363 2020 |
| 100 | 3 |
_aبدران، منال اسامة, _eauthor _959639 |
|
| 245 | 0 | 0 | _aإضاءات حول التنمر |
| 250 | _aالطبعة الاولى | ||
| 264 | 3 | 1 | _aعمان: المؤلف، 2020 |
| 300 |
_a280ص _b ويحتوي على قائمة مراجع وقائمة محتويات من ص273-ص280 |
||
| 336 |
_atext _btxt _2rdacontent |
||
| 337 |
_aunmediated _bn _2rdamedia |
||
| 338 |
_avolume _bnc _2rdacarrier |
||
| 650 | 4 |
_aالتنمر -الغضب-الاضطرابات الانفعالية-السلوك الاجتماعي- علم النفس الانفعالي _959640 |
|
| 999 |
_aA26848 _c30416 _d30416 |
||